Quiz sur Hitler - Statistiques

Statistiques générales
  • Ce quiz a été pris 648 fois
  • Le résultat moyen est 4 sur 10
Statistiques - réponses
Question Réponse % Correct
Quelle était son régime alimentaire ? Il était végétarien
81%
Quelle était sa particularité physique ? Il avait 1 testicule
78%
Avec qui Hitler a eu une relation incestueuse ? Sa nièce
52%
Quel était le deuxième prénom d'Adolf Hitler ? Friedrich
43%
Combien prenait-il de pilules par jour maximum? 90
36%
Hitler était fan de cinéma ... Américain
35%
De quelle maladie souffrait-il ? Il était hypocondriaque
33%
Avec qui Hitler a eu une relation secrète ? Hess
32%
Hitler avait peur des ... Des araignées et des souris
29%
Quel était son film préféré ? Les 3 petits cochons
27%
Aucun quiz correspondant
Distribution des résultats
% des personnes avec chaque résultat
Percentile par nombre de réponses
Votre historique - résultats
Vous n’avez pas pris ce quiz